The South African Homeless People's Federation: Interrogating the myth of particicpation (Record no. 76678)

MARC details
000 -LEADER
fixed length control field 01154nam a2200229 a 4500
008 - FIXED-LENGTH DATA ELEMENTS--GENERAL INFORMATION
fixed length control field 120809s2011 ||||||||||||||||| || u
020 ## - INTERNATIONAL STANDARD BOOK NUMBER
International Standard Book Number 9781868087051
050 ## - LIBRARY OF CONGRESS CALL NUMBER
Classification number ACCD(08)WP/2A
100 ## - MAIN ENTRY--PERSONAL NAME
Personal name Podlashuc, Leopold
245 14 - TITLE STATEMENT
Title The South African Homeless People's Federation: Interrogating the myth of particicpation
Statement of responsibility, etc. By Leopold Podlashuc
260 ## - PUBLICATION, DISTRIBUTION, ETC.
Place of publication, distribution, etc. Bellville
Date of publication, distribution, etc. 2011
300 ## - PHYSICAL DESCRIPTION
Extent 35p.
490 ## -
-- African Centre for Citizenship and Democracy Working Papers
500 ## - GENERAL NOTE
General note Working paper 2
650 ## - SUBJECT ADDED ENTRY--TOPICAL TERM
Topical term or geographic name entry element SOUTH AFRICAN HOMELESS PEOPLE'S FEDERATION (SAHPF)
650 ## - SUBJECT ADDED ENTRY--TOPICAL TERM
Topical term or geographic name entry element HOMELESS PERSONS--SOUTH AFRICA
650 ## - SUBJECT ADDED ENTRY--TOPICAL TERM
Topical term or geographic name entry element HOUSING--FINANCE--SOUTH AFRICA
710 ## - ADDED ENTRY--CORPORATE NAME
Corporate name or jurisdiction name as entry element African Centre for Citizenship and Democracy (ACCEDE)
995 ## -
-- SPECIAL COLLECTIONS
-- 110
-- CBU-MAIN LIBRARY (Kitwe)
-- ACCD(08)WP/2A
-- 1
-- AVAILABLE
-- Aug 15, 2012
-- B110
-- International Publications
995 ## -
-- SPECIAL COLLECTIONS
-- 112
-- CBU-MAIN LIBRARY (Kitwe)
-- ACCD(08)WP/2C
-- 3
-- AVAILABLE
-- Aug 15, 2012
-- B112
-- International Publications
995 ## -
-- SPECIAL COLLECTIONS
-- 111
-- CBU-MAIN LIBRARY (Kitwe)
-- ACCD(08)WP/2B
-- 2
-- AVAILABLE
-- Aug 15, 2012
-- B111
-- International Publications
999 ## -
-- 76678
-- 76678
Holdings
Withdrawn status Lost status Source of classification or shelving scheme Damaged status Not for loan Permanent Location Current Location Shelving location Date acquired Total Checkouts Full call number Barcode Date last seen Copy number Price effective from Koha item type
          CBU-MAIN LIBRARY, KITWE. CBU-MAIN LIBRARY, KITWE.   04/25/2023   ACCD(08)WP/2A B110 04/25/2023 1 04/25/2023 SPECIAL COLLECTION
          CBU-MAIN LIBRARY, KITWE. CBU-MAIN LIBRARY, KITWE.   04/25/2023   ACCD(08)WP/2C B112 04/25/2023 2 04/25/2023 SPECIAL COLLECTION
          CBU-MAIN LIBRARY, KITWE. CBU-MAIN LIBRARY, KITWE.   04/25/2023   ACCD(08)WP/2B B111 04/25/2023 3 04/25/2023 SPECIAL COLLECTION